000 00527nam a2200181Ia 4500
003 OSt
005 20201016151008.0
008 190216s9999||||xx |||||||||||||| ||und||
020 _a9788173711466
040 _coclc
082 _a509.2
_bKAL/W
100 _aKalam, A P J Abdul
_92031
245 0 _aWings Of Fire An Autobiography /
_cA P J Abdul Kalam
260 _bUniversities Press,
_c1999.
_aHyderbad:
300 _a180p
650 _aAutobiography
942 _cBK
_2ddc
_h509.2
_iKAL/W
_k509.2
_mKAL/W
999 _c14181
_d14181